MDQL
is popping MORE tags! Check the
thread
!
Quizzes
Events
Quiz Creation
Community
Videos
Private Events
Remove Ads
Sign In
Join for FREE
Feedback
Dark Mode
Quiz Categories
Sports
Geography
Music
Movies
Television
Just For Fun
Miscellaneous
History
Literature
Language
Science
Gaming
Entertainment
Religion
Holiday
For Kids
Quiz Lab
Recent
Popular Today
Quiz Kudos Today
Editor Picks
Curator Picks
Quizzes by...
Day
Popularity
Type
Ratings
Length
Year
Community
Subscriptions
Recent Discussions
Orange Saloon
Badges
Playlists
Quests
Create
Leaderboards
Showdown
Live 5
Trivia Bingo
Activity
Puzzle Library
Sporcle Events
Private Events
Virtual Trivia
Globe League
Become a Host
Pub Owners
SporcleCon
Opinionation
Our Games
Videos
Blog
Mobile Apps
Partnerships
Remove Ads and Go Orange
Feedback
Gaming
Video Games
Board Games
Card Games
Pokémon
Mario
Nintendo
Minecraft
Console
Toys
Legend of Zelda
Gaming
Video Games
Board Games
Card Games
Pokémon
Mario
Nintendo
Minecraft
Console
Toys
Legend of Zelda
Random Quiz
Search Sporcle
×
Quiz Lab
Quiz Lab
Gaming
Pokémon
Type in answers that appear in a list
Type in answers that appear in a list
Classic
Best Score? Go Orange.
Pokémon: Normal-type Species Stats
Can you name all the Normal-type Pokémon?
By
rodriguesraony
10m
115 Questions
122 Plays
122 Plays
122 Plays
Comments
Comments
Give Quiz Kudos
Give Quiz Kudos
-
- Ratings
hide this ad
More Info
Replay
Link that replays current quiz
Next Quiz
Link to next quiz in quiz playlist
You Got
0%
They Got
Avg Score
75%
Avg Friend Score
Upgrade to see
Score Distribution
Jump to the score distribution portion of the page
Score
0/115
Timer
10:00
0
Plays Today
Gen
Species
% Correct
Gen I
Pidgey
99.2%
Gen I
Pidgeotto
98.4%
Gen I
Pidgeot (Regular and Mega)
98.4%
Gen I
Spearow
98.4%
Gen I
Jigglypuff
98.4%
Gen I
Rattata
97.5%
Gen I
Raticate
97.5%
Gen I
Fearow
97.5%
Gen I
Wigglytuff
97.5%
Gen I
Snorlax (Regular and Gigantamax)
95.9%
Gen I
Doduo
94.3%
Gen I
Dodrio
94.3%
Gen I
Eevee (Regular, Partner and Gigantamax)
94.3%
Gen II
Sentret
94.3%
Gen II
Furret
94.3%
Gen I
Farfetch'd
93.4%
Gen I
Tauros
92.6%
Gen I
Porygon
92.6%
Gen II
Hoothoot
92.6%
Gen I
Chansey
91.8%
Gen II
Noctowl
91.8%
Gen III
Zigzagoon
91.8%
Gen III
Linoone
91.8%
Gen III
Swellow
90.2%
Gen IV
Starly
90.2%
Gen IV
Staravia
90.2%
Gen IV
Staraptor
90.2%
Gen III
Taillow
89.3%
Gen IV
Bibarel
88.5%
Gen I
Meowth (Regular and Gigantamax)
87.7%
Gen I
Persian
87.7%
Gen II
Igglybuff
87.7%
Gen IV
Bidoof
87.7%
Gen I
Kangaskhan (Regular and Mega)
86.9%
Gen II
Blissey
86.9%
Gen II
Girafarig
86.1%
Gen IV
Arceus
86.1%
Gen I
Ditto
84.4%
Gen II
Porygon2
82.8%
Gen
Species
% Correct
Gen V
Pidove
82.8%
Gen V
Unfezant
82.8%
Gen IV
Happiny
82%
Gen IV
Munchlax
82%
Gen V
Patrat
82%
Gen V
Watchog
82%
Gen VII
Toucannon
81.8%
Gen VIII
Obstagoon
81.6%
Gen I
Lickitung
81.1%
Gen V
Tranquill
81.1%
Gen VII
Trumbeak
80.7%
Gen III
Slakoth
80.3%
Gen IV
Porygon-Z
80.3%
Gen III
Slaking
79.5%
Gen VIII
Skwovet
78.9%
Gen VIII
Greedent
78.9%
Gen III
Vigoroth
78.7%
Gen III
Normal Castform
78.7%
Gen VI
Bunnelby
78.7%
Gen V
Stoutland
77.9%
Gen VI
Diggersby
77.9%
Gen II
Miltank
77%
Gen V
Herdier
76.2%
Gen VII
Silvally
76.1%
Gen II
Stantler
75.4%
Gen V
Lillipup
75.4%
Gen VI
Litleo
75.4%
Gen VI
Pyroar
75.4%
Gen VI
Heliolisk
75.4%
Gen V
Deerling
73.8%
Gen V
Sawsbuck
73.8%
Gen VI
Fletchling
73.8%
Gen VIII
Wooloo
73.7%
Gen VIII
Dubwool
73.7%
Gen VIII
Indeedee
73.7%
Gen III
Loudred
73%
Gen IV
Regigigas
73%
Gen VI
Helioptile
73%
Gen III
Exploud
72.1%
Gen
Species
% Correct
Gen IV
Buneary
72.1%
Gen IV
Lopunny
72.1%
Gen III
Skitty
71.3%
Gen III
Delcatty
71.3%
Gen V
Braviary
71.3%
Gen II
Dunsparce
70.5%
Gen IV
Lickilicky
70.5%
Gen V
Meloetta (Aria Forme)
70.5%
Gen III
Whismur
69.7%
Gen V
Rufflet
69.7%
Gen VII
Pikipek
69.7%
Gen II
Teddiursa
68.9%
Gen II
Ursaring
68.9%
Gen IV
Chatot
68.9%
Gen V
Audino
68.9%
Gen II
Smeargle
68%
Gen III
Azurill
68%
Gen VII
Drampa
68%
Gen VII
Oranguru
67.3%
Gen III
Swablu
67.2%
Gen II
Aipom
66.4%
Gen III
Spinda
66.4%
Gen III
Zangoose
66.4%
Gen IV
Glameow
66.4%
Gen IV
Purugly
66.4%
Gen III
Kecleon
65.6%
Gen VI
Furfrou
64.8%
Gen IV
Ambipom
63.9%
Gen VII
Yungoos
63.1%
Gen VII
Bewear
63.1%
Gen V
Minccino
62.3%
Gen V
Cinccino
62.3%
Gen VII
Gumshoos
61.5%
Gen V
Bouffalant
60.7%
Gen VII
Type: Null
60.7%
Gen VII
Stufful
58.2%
Gen VII
Komala
53.3%
Quiz Playlist
Details
Report
Send in Message
Add To Playlist
More Info:
Test your Pokémon knowledge! In this quiz you can try to guess all Normal-type Pokémon!
Classic:
Type in answers that appear in a list
Last Updated: Dec 3, 2019
Quiz Scoreboard
CHALLENGE
Sign Up to Join the Scoreboard
Show All
Scores
Hide
Comments
May contain spoilers
Recently Published
Two Season TV Shows II
by 123Four
Television
10m
Image Sorting: Flags VI
by Barbecue
Geography
2m
Find the 'City' Movie
by crazypaving
Movies
60s
More to Explore
Quiz From the Vault
Featured Blog Post
14 Easter Pick-up Lines to Find Eggs With
hide this ad
You Might Also Like...
Tags
Pokémon Quiz
gen
normal
Normal Pokémon
species
Today's Top Quizzes in Gaming
Browse Gaming
hide this ad
Today's Top Quizzes in Pokémon
Browse Pokémon
Top Contributed Quizzes in Gaming
1
League of Legends Pro Players by Career/Team History
2
Destiny 2 exotic weapons by perk icons
3
Genshin Impact Logic Puzzle
4
Genshin murder mystery
5
Dead By Daylight Logic Puzzle
6
4x4 Decades: Video Games
7
Ultimate Genshin Impact Logic Puzzle (up to 4.3)
8
Overwatch Logic Puzzle
9
Who's on the WWE 2K24 Cover?
10
Overwatch 2: Ultimate Ability Icons
Explore More
Trending Topics
Anime
Kpop
Disney
Marvel
NBA
Crossword
Harry Potter
Puzzle
NFL
The Office
WWE
Country
Song
Pokémon
Soccer
hide this ad
More By:
rodriguesraony
Quiz
Plays
Rating
Category
Featured
Created
Pokémon: Fire-type Moves
991
Gaming
Sep 15, 2016
Pokémon: Dragon-type Moves
949
Gaming
Sep 15, 2016
Pokémon: Water-type Moves
928
Gaming
Sep 15, 2016
Pokémon: Grass-type Moves
884
5.00
Gaming
Sep 15, 2016
Pokémon: Ghost-type Moves
878
2.75
Gaming
Sep 15, 2016
Go to Creator's Profile
Score Distribution
Quiz Creator Spotlight
rodriguesraony
Follow
Send a Message
Quizzes Created
-
Created Quiz Play Count
-
More By This Creator
Popular Quizzes Today
1
Colored Red Africa Blitz
2
Find the US States - No Outlines Minefield
3
Find the 'City' Movie
4
5x2 Blitz: Bands
5
The Countries of the World
6
Find the US States
7
Find the Countries of Europe - No Outlines Minefield
8
US States
More Gaming Quizzes
Wii Sports
Published
Trending Quizzes
Colored Red Europe Blitz I
Colored Red Africa Blitz II
Colored Red Europe Blitz II
Colored Red Africa Blitz III
Colored Red Europe Blitz III
Recently Updated
How Do You Spell That?
pecheneg
Godzilla Movies
pecheneg
Grab Bag: 4-10 Letters
pecheneg
2024 March Madness Bracket
pecheneg
Famous TV Couples
Peacemaker
Champions League XIs: Real Madrid
pecheneg
Largest US Cities 1790-2010
pecheneg
Rides in Walt Disney World
pecheneg
Most Oscar Losses (Acting)
pecheneg
Beyoncé Albums
pecheneg
Trending Topics
Kpop
Crossword
Disney
Marvel
Harry Potter
NBA
Anime
Song
WWE
The Office
Soccer
Puzzle
NFL
Pokémon
Country
Your Account Isn't Verified!
In order to create a playlist on Sporcle, you need to verify the email address you used during registration. Go to your
Sporcle Settings
to finish the process.
Report this User
Report this user for behavior that violates our
Community Guidelines
.
Details:
Send Report
Go to the Sporcle.com Mobile Site →
Comments